[Informe a la eminencia reverendicima]

Síntesis: En el documento el Obp. Lara y Torres presenta al Vaticano con detalle la situación religiosa en México debido al modus vivendi, declara que continua la persecución en contra de la Iglesia ya que el gobierno controla el número de sacerdotes por habitantes; aclara que él no incita a la luch...

תיאור מלא

שמור ב:
מידע ביבליוגרפי
מחבר ראשי: Lara y Torres, Leopoldo (autor)
פורמט: ספר
סדרה:1931/oct./15, 1931/nov./3, 1928/junio, 1929, 1926, 1914, 1917, 1911, 1931/dic./23
נושאים:
תגים: הוספת תג
אין תגיות, היה/י הראשונ/ה לתייג את הרשומה!

MARC

LEADER 00000nam^a2200000^a^4500
001 000249790
005 20250526000000.0
009 20260526133137.362
035 |a R00661 
037 |a Acervo Xavier Clavigero 
082 |a 13. 3 LAR V. LIBRO 1 129/148 
100 |a Lara y Torres, Leopoldo  |e (autor) 
245 1 0 |a [Informe a la eminencia reverendicima] 
264 |a México, D.F. Otros lugares: Zamora, Mich.; Nicaragua; Venez- :  |b Destinatario: Pacelli, Eugenio, cardenal,  |c 1932 
300 |a 25 fojas, mcs/cop., 21.3 x 28 cm. 
336 |a texto  |b txt  |2 rdacontenido 
337 |a sin mediación  |b n  |2 rdamedio 
338 |a volumen  |b nc  |2 rdasoporte 
440 |a 1931/oct./15, 1931/nov./3, 1928/junio, 1929, 1926, 1914, 1917, 1911, 1931/dic./23 
520 |a Síntesis: En el documento el Obp. Lara y Torres presenta al Vaticano con detalle la situación religiosa en México debido al modus vivendi, declara que continua la persecución en contra de la Iglesia ya que el gobierno controla el número de sacerdotes por habitantes; aclara que él no incita a la lucha armada, sólo obligar al gobierno a pactar una paz sobre bses sólidas y garantías efectivas de libertad y justicia. 
598 |a Documento 
598 |a En la biblioteca del ILFC, Guadalajara, Jal. 
649 |a XX 
650 |a * Lara y Torres, Leopoldo -  |x Correspondencia, memorias, etc 
650 |a Obispos 
650 |a Iglesia y Estado 
650 |a * Pío XI, Papa, 1922-1939 
650 |a * Pío X, Papa 
650 |a * Ortiz Rubio, Pascual 
650 |a Gasparri, Pedro 
650 |a * Ruiz y Flores, Leopoldo 
650 |a Díaz y Barreto, Pascual 
600 |a Rafael Guízar y Valencia,  |c Santo 
600 |a Calles, Plutarco Elías 
910 |a Fondo Jesús Gómez Fregoso S.J. FXC 
920 |a Impresos - Documentos 
930 |a Libros Antiguos y Raros 
940 |a Guerra Cristera 
905 |a 110 
901 |a R00661  |b IT2  |c LRA  |i R00661  |u 20250526 
902 |a https://opac.biblio.iteso.mx/vufind/Record/000249790